Giocatori più forti per ogni nazionale Pt.1 - Statistics

Statistiche generali
  • Questo quiz è stato fatto 142 volte
  • Il punteggio medio è 9 su 15
Statistiche sulle risposte
Hint Risposta % Corretto
Portogallo Cristiano Ronaldo
96%
Argentina Maradona
96%
Francia Zidane
91%
Brasile Pele
88%
Croazia Modric
84%
Germania Muller
68%
Polonia Lewandowski
67%
Italia Buffon
64%
Costa D'Avorio Drogba
63%
Ucraina Shevchenko
58%
Giappone Nakata
35%
Spagna Casillas
34%
Australia Cahill
28%
Olanda Cruijff
28%
Inghilterra Beckham
21%
Nessun quiz corrispondente trovato
Distribuzione punteggi
Percentuale di utenti per punteggio
Percentile per numero di risposta
I tuoi punteggi nel tempo
Non hai fatto questo quiz